000 00257nam a2200097Ia 4500
008 240331s9999 xx 000 0 und d
082 _bAFT
100 _aDe Mel, N. ed
245 0 _aAfter the waves :
_bthe impact of the Tsunami on women in Sri Lanka
942 _cL
999 _c1319
_d1319